00435nam a22001457a 4500020001500000082001200015100001700027245003400044260004100078300001000119650001600129942000700145952012000152999001700272 a8178230011 a248 DEV aDevi, Sarada aThe Gosple Of The Holy Mother aMadrasbShri Rama Krishna Mathc2012 a409 P aSprituality cBK 00104070aHMIbHMIcGENd2015-10-14eBeluru Math Hawrahg90.00l0o294.549 DEVp24934r2015-10-14w2026-01-16yBK c19802d19802